1369 1023 1334 1117 1958 1011 1899 1320 1734 1156 1105 1725 1253 1996 1129 1217 1073 1472 1435 1571 1123 1251 1013 1653 1188 1019 1399 1548 1096 1156 1720 1725 1614 1199 1787 1441 1351 1932 1263 1113 1393 1746 1879 1445 1839 1201 1975 1350 1124 1638 1319 1822 1771 1036 1336 1486 1283 1522 1526 1136 1569 1923 1264 1132 1821 1300 1849 1812 1874 1654 1998 1940 1372 1442 1429 1263 1916 1541 1457 1569 1444 1419 1992 1913 1078 1075 1707 1356 1478 1979 1376 1905 1427 1473 1118 1163 1912 1855 1813 BCNSPRNW ULIB Ver.6.0+V

เปลี่ยนเป็นภาษาไทย

Change to English
 แสดงรายละเอียดบรรณานุกรม
  กลับหน้าหลัก

Brief Record : Get Marc (ISO 2709) : E-mail record : QR code < ปิดหน้าต่าง
LEADER : 00000nam 2200000uu 4500
001    13399120566
003     ULIB
008    120927s2548||||th 000 0 tha d
020    ^a974956555X
060 04 ^aWY86^bท357จ 2548
100 0  ^aทัศนีย์ ทองประทีป
245 10 ^aจิตวิญญาณ :^bมิติหนึ่งของการพยาบาล /^cทัศนีย์ ทองประทีป
250    ^aพิมพ์ครั้งที่ 1
260    ^aกรุงเทพฯ :^bวิทยาลัยเกื้อการุณย์,^c2548
300    ^a190 หน้า ;^c21 ซม
650  7 ^aการพยาบาลด้านจิตวิญญาณ
650  7 ^aการแพทย์แบบพหุลักษณ์
650  7 ^aบริการทางการแพทย์^xแง่ศาสนา
945    ^p180^l0^i24790
995    ^aวิภา
999 ^a ใช้งานได้ทุกระบบ
รายการนี้ยังไม่มีแท็ก
คุณยังไม่ได้ล็อกอิน คุณสามารถมีกิจกรรมร่วมกับเว็บไซต์ได้ แต่ต้องล็อกอินก่อน ::
  ล็อกอิน

รายการสื่อสารสนเทศ

ลำดับที่ ประเภท เลขเรียก/บาร์โค้ด สถานที่ สถานะ
1. วิทยาศาสตร์การแพทย์ และสุขภาพ
วิทยาศาสตร์การแพทย์ และสุขภาพ
WY86 ท357จ 2548  
  Barcode: 24790
ห้องสมุดวิทยาเขตสวรรค์ประชารักษ์
►ส่วนจัดเก็บหนังสือเก่า สปร
บนชั้น
  ขอยืม

รายการใกล้เคียง
    ผู้แต่ง [ทัศนีย์ ทองประทีป]

    หัวเรื่อง [การพยาบาลด้านจิตวิญญาณ]
    หัวเรื่อง [การแพทย์แบบพหุลักษณ์]

BibComment


ยังไม่เคยถูกคอมเมนท์

คอมเมนท์ทรัพยากรรายการนี้
  คอมเมนท์: จิตวิญญาณ มิติห..


 Copyright 2026. Bcnsprnw @Library